<?xml version='1.0' encoding='UTF-8'?>
  <record xmlns="http://www.loc.gov/MARC21/slim">
    <leader>00000cam a22000007i 4500</leader>
    <controlfield tag="001">ocm68728631</controlfield>
    <controlfield tag="003">OCoLC</controlfield>
    <controlfield tag="005">20250321183505.3</controlfield>
    <controlfield tag="008">960610s1760    fr            000 0 fre d</controlfield>
    <datafield tag="040" ind1=" " ind2=" ">
      <subfield code="a">NLGGC</subfield>
      <subfield code="b">dut</subfield>
      <subfield code="e">fobidrtb</subfield>
      <subfield code="c">NLGGC</subfield>
      <subfield code="d">OCLCO</subfield>
      <subfield code="d">OCLCL</subfield>
      <subfield code="d">OCLCQ</subfield>
    </datafield>
    <datafield tag="029" ind1="0" ind2=" ">
      <subfield code="a">NLGGC</subfield>
      <subfield code="b">148549098</subfield>
    </datafield>
    <datafield tag="035" ind1=" " ind2=" ">
      <subfield code="a">(OCoLC)68728631</subfield>
    </datafield>
    <datafield tag="100" ind1="1" ind2=" ">
      <subfield code="a">Aviler, Augustin Charles d',</subfield>
      <subfield code="d">1653-1701.</subfield>
      <subfield code="1">https://id.oclc.org/worldcat/entity/E39PBJgmJt747Qx73GQpxKmGHC</subfield>
    </datafield>
    <datafield tag="245" ind1="1" ind2="0">
      <subfield code="a">Cours d'architecture qui comprend les Ordres de Vignole, avec des commentaires, les figures &amp; les descriptions de ses plus beaux bâtimens, &amp; de ceux de Michel-Ange, des instructions et des préceptes, &amp; plusiers nouveaux desseins ... &amp; généralement tout ce qui regarde l'art de bastir /</subfield>
      <subfield code="c">par C.A. d'Aviler.</subfield>
    </datafield>
    <datafield tag="246" ind1="3" ind2=" ">
      <subfield code="a">Cours d'architecture</subfield>
    </datafield>
    <datafield tag="250" ind1=" " ind2=" ">
      <subfield code="a">Nouvelle édition ..., revue &amp; augmentée ... /</subfield>
      <subfield code="b">par Pierre Jean Mariette.</subfield>
    </datafield>
    <datafield tag="260" ind1=" " ind2=" ">
      <subfield code="a">A Paris, :</subfield>
      <subfield code="b">chez Charles-Antoine Jombert,</subfield>
      <subfield code="c">1760.</subfield>
    </datafield>
    <datafield tag="300" ind1=" " ind2=" ">
      <subfield code="a">LVJ, 447, [1] p. :</subfield>
      <subfield code="b">ill. ;</subfield>
      <subfield code="c">in-4.</subfield>
    </datafield>
    <datafield tag="336" ind1=" " ind2=" ">
      <subfield code="a">tekst</subfield>
      <subfield code="b">txt</subfield>
      <subfield code="2">rdacontent/dut</subfield>
    </datafield>
    <datafield tag="337" ind1=" " ind2=" ">
      <subfield code="a">zonder medium</subfield>
      <subfield code="b">n</subfield>
      <subfield code="2">rdamedia/dut</subfield>
    </datafield>
    <datafield tag="338" ind1=" " ind2=" ">
      <subfield code="a">band</subfield>
      <subfield code="b">nc</subfield>
      <subfield code="2">rdacarrier/dut</subfield>
    </datafield>
    <datafield tag="500" ind1=" " ind2=" ">
      <subfield code="a">Bevat ook tekst van Giacomo Barozzi detto Il Vignola.</subfield>
    </datafield>
    <datafield tag="500" ind1=" " ind2=" ">
      <subfield code="a">Gegrav. titel: Cours d'architecture de Vignole, avec les commentaires de D'Aviler.</subfield>
    </datafield>
    <datafield tag="500" ind1=" " ind2=" ">
      <subfield code="a">Oorspr. uitg.: 1691.</subfield>
    </datafield>
    <datafield tag="700" ind1="1" ind2=" ">
      <subfield code="a">Mariette, Pierre Jean,</subfield>
      <subfield code="d">1694-1774.</subfield>
      <subfield code="1">https://id.oclc.org/worldcat/entity/E39PBJvRXP7KXHr43CQXKfCJDq</subfield>
    </datafield>
    <datafield tag="700" ind1="1" ind2=" ">
      <subfield code="a">Vignola, Giacomo Barozzi da,</subfield>
      <subfield code="c">Ital. architect, schilder, architect.-theoreticus,</subfield>
      <subfield code="d">1507-1573.</subfield>
      <subfield code="1">https://id.oclc.org/worldcat/entity/E39PBJB8rHJ7GjxHRJrb9Bj6Kd</subfield>
    </datafield>
    <datafield tag="710" ind1="0" ind2=" ">
      <subfield code="a">Jombert, Charles-Antoine (Parijs)</subfield>
      <subfield code="4">prt</subfield>
      <subfield code="0">(NL-LeOCL)106833006</subfield>
    </datafield>
    <datafield tag="936" ind1=" " ind2=" ">
      <subfield code="a">BATCHLOAD</subfield>
    </datafield>
  </record>